000 00306nam a2200133Ia 4500
008 150301s2011 xx 000 0 und d
082 _a611
_bG11N
100 _aNAVNEET KUMAR
245 _aESSENTIAL OF GENETICS
260 _bLOTOUS PUB.
_c2011
300 _a232
650 _aGENETICS
942 _2ddc
_cBK
_01
999 _c6774
_d6774